Statistics for Type the Lyrics to the Beatles Song (no clues) - #3

Click here to take the quiz!

General Stats

  • This quiz has been taken 551 times
    (487 since last reset)
  • The average score is 55 of 86

Answer Stats

Answer% Correct
A
98%
I
98%
You
94%
My
93%
Help
91%
Friends
90%
From
90%
Little
90%
With
90%
Do
89%
What
86%
Would
85%
Of
84%
To
84%
If
83%
Me
83%
And
82%
On
82%
Out
82%
Get
81%
By
80%
Love
80%
Sang
76%
Tune
76%
Your
75%
No
73%
Walk
73%
When
73%
Need
72%
The
72%
Try
72%
Be
71%
Sing
71%
Stand
70%
Up
70%
Is
69%
High
68%
Not
68%
Somebody
68%
Song
67%
Anybody
66%
I'll
66%
It
66%
Key
66%
Lend
64%
Want
63%
Could
62%
Away
60%
Ears
58%
Think
58%
In
57%
Just
54%
Day
52%
I'm
52%
All
51%
Alone
50%
Are
50%
At
50%
Someone
50%
End
49%
Own
48%
Does
47%
That
46%
Time
46%
You're
46%
Turn
45%
Worry
45%
Yes
45%
Believe
44%
Going
44%
Know
44%
Light
44%
Because
43%
How
43%
Sad
43%
See
43%
But
42%
First
41%
Happens
41%
It's
41%
Sight
41%
Can't
40%
Mine
40%
Feel
39%
Tell
39%
Certain
38%

Score Distribution

Percentile by Number Answered

Percent of People with Each Score

Your Score History

You have not taken this quiz since the last reset